000 01167nam a2200313 c 4500
999 _c170663
_d170663
003 BLK
005 20221109095221.0
008 180411b bul|||||r ||||||| ||bul||
010 _aKNG00178833000
040 _aBLK
041 _aBUL
_cBUL
080 _aЯпонска литература
_b821.521
_x-32
_z821.521-32
100 1 _aМацумото Сейчо
_eпърви автор
_9338625
139 _aМацумото Сейчо
_bМ 41
245 1 0 _aДенят на жестокостта
_bПовест
_cМацумото Сейчо; прев. от япон. Тодорка Минчева Барова.
257 _aJAP
260 _bВоен. изд.
_c1978
_aСофия
300 _a123 с.
_c20 см
380 _aX
490 _aГероика и приключения
_9204782
500 _aОриг. загл. на япон. ез. - 20725 тир.
653 _aповести
700 1 _aБарова, Тодорка Минчева
_eпрев. от япон.
_9338626
852 _aЦб 90587
856 4 _qpdf
_i0.00
_ldisable
856 4 _qpdf
_i0.00
_ldisable
942 _cKNG
_n0
_s1
944 _aCR
_c2022-11-09
_kвт